LIBRARY & INFORMATION CENTRE, KCAET, TAVANUR

ONLINE PUBLIC ACCESS CATALOGUE (OPAC)

Industrial water Pollution Control / (Record no. 2772)

MARC details
000 -LEADER
fixed length control field 00420cam a2200157ua 4500
041 ## - LANGUAGE CODE
Language code of text/sound track or separate title eng
082 ## - DEWEY DECIMAL CLASSIFICATION NUMBER
Classification number 628.168
Item number ECK/IN
100 ## - MAIN ENTRY--AUTHOR NAME
Personal name Eckentelder, Wesley .w .
245 ## - TITLE STATEMENT
Title Industrial water Pollution Control /
250 ## - EDITION STATEMENT
Edition statement 2 /
260 ## - PUBLICATION, DISTRIBUTION, ETC. (IMPRINT)
Place of publication New York :
Name of publisher McGraw Hill Book Company ,
Year of publication 1989.
300 ## - PHYSICAL DESCRIPTION
Number of Pages 400 ; .
942 ## - ADDED ENTRY ELEMENTS (KOHA)
Koha item type Books
Holdings
Withdrawn status Lost status Damaged status Home library Current library Date acquired Full call number Accession Number Koha item type
      KAUAET KAUAET 07/04/2012 628.168 18025 Books
free website counter